000 00443nam a2200181Ia 4500
001 20640
005 20260306172820.0
008 260306t2006||||xx |||||||||||||| ||spa||
041 _aESP
082 _a343.6
_bC45
100 _aCervantes Anaya, Dante A., 1958-
_eAUT
245 0 _aManual de derecho administrativo
260 _c2006
300 _a1101 páginas :
_c26 cm.
650 _aGEN
654 _aCDE
942 _cLIB
_dJUS
_fJUS
_2ddc
_n
999 _c20640
_d20640